000 00914nam a2200205 4500
005 20160926150047.0
008 160926k19972006ck a|||| |||| 00| 0 spa d
022 _a01230336
040 _aCO-BoUCM
_bspa
_cSandra Yazo
_dSandra Yazo
041 0 _aspa
082 0 _220
_a021
092 _aE63N073
110 2 _93870
_aArchivo General de la Nación (Colombia)
245 1 0 _aRevista Memoria
260 _aBogotá (Colombia)
_bArchivo General de la Nación de Colombia
_c1997
300 _a4 volumenes (199 ; 199 ; 225 ; 259 páginas)
_c24 x 17 cm.
500 _aDetalles físicos: Encuadernación flexible en cartulina. Tapas decoradas. Algunas notas al pie de páginas y al final de cada artículo. Ilustraciones entre el texto. Ejemplares en buen estado de conservación
505 0 _aHistoria ; Archivística ; Documentos ; Reseñas ; Noticias institucionales
942 _2LOCAL
_cLIBRO
_e1
_hE63N073
999 _c304770
_d304770